MARC details
| 000 -LEADER |
| fixed length control field |
01193cam a2200349 i 4500 |
| 001 - CONTROL NUMBER |
| control field |
200429878 |
| 003 - CONTROL NUMBER IDENTIFIER |
| control field |
TR-AnTOB |
| 005 - DATE AND TIME OF LATEST TRANSACTION |
| control field |
20240823161338.0 |
| 007 - PHYSICAL DESCRIPTION FIXED FIELD--GENERAL INFORMATION |
| fixed length control field |
ta |
| 008 - FIXED-LENGTH DATA ELEMENTS--GENERAL INFORMATION |
| fixed length control field |
180613s2017 tu e 000 0 tur d |
| 020 ## - INTERNATIONAL STANDARD BOOK NUMBER |
| International Standard Book Number |
9786059446167 |
| 040 ## - CATALOGING SOURCE |
| Original cataloging agency |
TR-AnTOB |
| Language of cataloging |
tur |
| Description conventions |
rda |
| Transcribing agency |
TR-AnTOB |
| Modifying agency |
TR-AnTOB |
| 041 0# - LANGUAGE CODE |
| Language code of text/sound track or separate title |
Türkçe |
| 050 ## - LIBRARY OF CONGRESS CALL NUMBER |
| Classification number |
DS54.7 |
| Item number |
.K5 2017 |
| 090 ## - LOCALLY ASSIGNED LC-TYPE CALL NUMBER (OCLC); LOCAL CALL NUMBER (RLIN) |
| Classification number (OCLC) (R) ; Classification number, CALL (RLIN) (NR) |
DS54.7 |
| Local cutter number (OCLC) ; Book number/undivided call number, CALL (RLIN) |
.K5 2017 |
| 245 00 - TITLE STATEMENT |
| Title |
Kıbrıs'ta son söz!.. kim söyleyecek? |
| Statement of responsibility, etc. |
editör Necdet Basa. |
| 250 30 - EDITION STATEMENT |
| Edition statement |
Kıbrıs'ta son söz Kim söyleyecek? |
| 264 #1 - PRODUCTION, PUBLICATION, DISTRIBUTION, MANUFACTURE, AND COPYRIGHT NOTICE |
| Place of production, publication, distribution, manufacture |
Ankara : |
| Name of producer, publisher, distributor, manufacturer |
Türkiye Barolar Birliği, |
| Date of production, publication, distribution, manufacture, or copyright notice |
2017. |
| 300 ## - PHYSICAL DESCRIPTION |
| Extent |
118 sayfa ; |
| Dimensions |
21 sm. |
| 336 ## - CONTENT TYPE |
| Content type term |
text |
| Authority record control number or standard number |
rdacontent |
| Source |
rdacontent |
| Content type code |
txt |
| 337 ## - MEDIA TYPE |
| Media type term |
unmediated |
| Source |
rdamedia |
| Media type code |
n |
| 338 ## - CARRIER TYPE |
| Carrier type term |
volume |
| Source |
rdacarrier |
| Carrier type code |
nc |
| 490 0# - SERIES STATEMENT |
| Series statement |
Türkiye Barolar Birliği Yayınları ; |
| Volume/sequential designation |
333 |
| 651 #0 - SUBJECT ADDED ENTRY--GEOGRAPHIC NAME |
| Geographic name |
Kıbrıs |
| General subdivision |
Tarih |
| 9 (RLIN) |
83822 |
|
| Geographic name |
Kıbrıs |
| General subdivision |
Dış ilişkiler |
| Source of heading or term |
etuturkob |
| 9 (RLIN) |
26563 |
|
| Geographic name |
Türkiye |
| General subdivision |
Dış ilişkiler |
| 9 (RLIN) |
120441 |
|
| Geographic name |
Yunanistan |
| General subdivision |
Dış ilişkiler |
| Source of heading or term |
etuturkob |
| 9 (RLIN) |
55660 |
| 700 1# - ADDED ENTRY--PERSONAL NAME |
| Personal name |
Basa, Necdet |
| Relator term |
editor |
| 9 (RLIN) |
120363 |
| 856 ## - ELECTRONIC LOCATION AND ACCESS |
| Uniform Resource Identifier |
<a href="http://tbbyayinlari.barobirlik.org.tr/TBBBooks/594.pdf">http://tbbyayinlari.barobirlik.org.tr/TBBBooks/594.pdf</a> |
| 942 ## - ADDED ENTRY ELEMENTS (KOHA) |
| Source of classification or shelving scheme |
Library of Congress Classification |
| Koha item type |
Book |